000 00444nam a2200157Ia 4500
008 210716s2009 xx 000 0 und d
020 _a9788120329638
041 _aeng
082 _a332.64 KEVS
100 _aKevin, S.
245 _aSecurity analysis and portfolio management.
250 _a2
260 _aNew Delhi
_bPHI Learning private limited.
_c2009
300 _axvi,344/ 2016
650 _aInvestment Analysis & Portfolio Management
999 _c210718
_d210718